00800nam a2200181 a 4500008004100000020001800041050001600059100002600075245007000101260005000171300001000221350000900231650003100240650001500271995018000286999001700466952013500483150824s1998 ||||||||||||||||| || u a9780132625449 aQP 34.5 Mun aMunn, Patricia Placke10aHuman physiology: an integrated approachcby Patricia Placke Munn aUnited States of AmericabPrentice Hallc1998 a506p. a5.04 aHUMAN PHYSIOLOGY--TEXTBOOK aPHYSIOLOGY aMICHAEL CHILUFYA SATA OPEN ACCESSe903042FCBU-SCHOOL OF MEDICINE LIBRARY (Ndola)I5.04jQP 34.5 MunM1UAVAILABLEWSep 7, 2015y903042ZMedical Library Open Access Collection c31737d31737 00102lcc4070a002b002cMedical Library Open Access Collectiond2022-11-30l0oQP 34.5 Munp903042r2022-11-30w2022-11-30y002